000 00488nam a2200193 a 4500
001 0602
005 20140414131910.0
008 040201s19uu xx 00 eng d
020 _a0-307-99812-6
050 _aER
_bD52
100 _aTartakovsky, Genndy
245 _aDexter's laboratory :
_bZappo change-o!.
260 _aU.S.A :
_bGolden.
300 _ap. ; cm.
440 _aCartoon Network
650 _aAdventures
_xFiction.
650 _aChildren stories.
999 _c111190
_d111190